[Event "CRO-chT Cup 22nd"]
[Site "Bol"]
[Date "2013.05.26"]
[Round "6.92"]
[White "Lasic, Luka"]
[Black "Baturina, Andrija"]
[Result "1-0"]
[WhiteElo "2272"]
[BlackElo "2123"]
[PlyCount "81"]
[EventDate "2013.05.22"]
[EventType "team"]
[EventRounds "6"]
[EventCountry "CRO"]
[SourceTitle "CBM 154 Extra"]
[Source "ChessBase"]
[SourceDate "2013.06.25"]
[SourceVersion "2"]
[SourceVersionDate "2013.06.25"]
[SourceQuality "1"]
[WhiteTeam "Velika Gorica"]
[BlackTeam "Split Mornar"]
[WhiteTeamCountry "CRO"]
[BlackTeamCountry "CRO"]

1. Nf3 Nf6 2. c4 e6 3. g3 c5 4. Bg2 Nc6 5. 0-0 a6 6. d4 cxd4 7. Nxd4 Qc7 8. Nc3 h5 9. Nxc6 bxc6 10. Bf4 e5 11. Bg5 Be7 12. Qd3 d6 13. b4 0-0 14. Qf3 Rb8 15. Rab1 Be6 16. Bxf6 Bxf6 17. Qxh5 Bxc4 18. Rfc1 g6 19. Qf3 Bg5 20. Rc2 d5 21. Qg4 Qe7 22. Ne4 Bh6 23. Nc5 Rfd8 24. h4 a5 25. a3 axb4 26. axb4 Bb5 27. Bh3 Ra8 28. h5 Qg5 29. Qxg5 Bxg5 30. hxg6 Bh6 31. gxf7+ Kxf7 32. Nb7 Ke7 33. Nxd8 Kxd8 34. Bf1 Ra3 35. e3 Ba4 36. Rcc1 e4 37. Ra1 Rxa1 38. Rxa1 Bb3 39. Ra6 Bf8 40. Rxc6 Kd7 41. b5 1-0

[Event "CRO-chT Cup 22nd"]
[Site "Bol"]
[Date "2013.05.23"]
[Round "3.122"]
[White "Baturina, Andrija"]
[Black "Belani, Marijan"]
[Result "1/2-1/2"]
[WhiteElo "2123"]
[BlackElo "2059"]
[PlyCount "40"]
[EventDate "2013.05.22"]
[EventType "team"]
[EventRounds "6"]
[EventCountry "CRO"]
[SourceTitle "CBM 154 Extra"]
[Source "ChessBase"]
[SourceDate "2013.06.25"]
[SourceVersion "2"]
[SourceVersionDate "2013.06.25"]
[SourceQuality "1"]
[WhiteTeam "Split Mornar"]
[BlackTeam "Krizevci"]
[WhiteTeamCountry "CRO"]
[BlackTeamCountry "CRO"]

1. d3 d5 2. g3 c5 3. Bg2 Nc6 4. Nd2 e5 5. c4 d4 6. a3 Be7 7. Ngf3 Nf6 8. 0-0 0-0 9. Qc2 h6 10. e4 dxe3 11. fxe3 Ng4 12. Ne4 f5 13. Nc3 f4 14. exf4 Nd4 15. Nxd4 Qxd4+ 16. Kh1 exf4 17. Ne2 Nf2+ 18. Kg1 Nh3+ 19. Kh1 Nf2+ 20. Kg1 Nh3+ 1/2-1/2

[Event "CRO-chT Cup 22nd"]
[Site "Bol"]
[Date "2013.05.23"]
[Round "2.72"]
[White "Vidovic, Sasa"]
[Black "Baturina, Andrija"]
[Result "1/2-1/2"]
[WhiteElo "2356"]
[BlackElo "2123"]
[PlyCount "47"]
[EventDate "2013.05.22"]
[EventType "team"]
[EventRounds "6"]
[EventCountry "CRO"]
[SourceTitle "CBM 154 Extra"]
[Source "ChessBase"]
[SourceDate "2013.06.25"]
[SourceVersion "2"]
[SourceVersionDate "2013.06.25"]
[SourceQuality "1"]
[WhiteTeam "Strigova Stridon"]
[BlackTeam "Split Mornar"]
[WhiteTeamCountry "CRO"]
[BlackTeamCountry "CRO"]

1. e4 c5 2. Nc3 Nc6 3. g3 g6 4. d3 Bg7 5. Be3 d6 6. Qd2 Nd4 7. Bg2 Rb8 8. h3 Qa5 9. Nf3 Bd7 10. a3 b5 11. Rb1 h6 12. Nh2 b4 13. axb4 cxb4 14. Ne2 Nxe2 15. Qxe2 Bxb2 16. 0-0 Ba3 17. f4 Qc7 18. Nf3 e6 19. f5 Ne7 20. fxg6 Nxg6 21. Qf2 Rb7 22. Kh2 a5 23. Nd4 Bc8 24. Ne2 1/2-1/2

[Event "CRO-chT U20 21st"]
[Site "Topusko"]
[Date "2012.04.06"]
[Round "11.11"]
[White "Baturina, Andrija"]
[Black "Matkun, Maksim"]
[Result "1/2-1/2"]
[WhiteElo "2132"]
[BlackElo "1891"]
[PlyCount "20"]
[EventDate "2012.04.01"]
[EventType "team-tourn"]
[EventRounds "11"]
[EventCountry "CRO"]
[SourceTitle "EXT 2013"]
[Source "ChessBase"]
[SourceDate "2012.11.22"]
[SourceVersion "1"]
[SourceVersionDate "2012.11.22"]
[SourceQuality "1"]

1. e4 c5 2. Nc3 Nc6 3. g3 g6 4. Bg2 Bg7 5. Nge2 e5 6. d3 Nge7 7. Be3 d6 8. Qd2 Nd4 9. 0-0 0-0 10. f4 f5 1/2-1/2

[Event "CRO-chT U20 21st"]
[Site "Topusko"]
[Date "2012.04.04"]
[Round "7.31"]
[White "Baturina, Andrija"]
[Black "Ivekovic, Tihana"]
[Result "1/2-1/2"]
[WhiteElo "2132"]
[BlackElo "2029"]
[PlyCount "132"]
[EventDate "2012.04.01"]
[EventType "team-tourn"]
[EventRounds "11"]
[EventCountry "CRO"]
[SourceTitle "EXT 2013"]
[Source "ChessBase"]
[SourceDate "2012.11.22"]
[SourceVersion "1"]
[SourceVersionDate "2012.11.22"]
[SourceQuality "1"]

1. e4 e5 2. Nc3 Nc6 3. g3 Nf6 4. Bg2 Bc5 5. Nf3 d6 6. 0-0 0-0 7. d3 h6 8. Ne2 Re8 9. c4 Bd7 10. h3 a6 11. Nc3 Be6 12. Kh2 b5 13. b3 bxc4 14. bxc4 Rb8 15. Ne2 Nd7 16. Nh4 Nd4 17. Be3 Nxe2 18. Qxe2 Rb6 19. Rab1 Qe7 20. Rxb6 cxb6 21. f4 exf4 22. Rxf4 Bxe3 23. Qxe3 b5 24. cxb5 axb5 25. Nf5 Bxf5 26. Rxf5 Qe6 27. Rxb5 Qxa2 28. d4 Rc8 29. Qb3 Qxb3 30. Rxb3 Rc7 31. h4 Kf8 32. Bh3 Ke7 33. Kg2 Nf6 34. Kf3 Ra7 35. Ke3 Rc7 36. Bf1 Ra7 37. Be2 Rc7 38. Bf3 Ra7 39. Rc3 Nd7 40. Kf4 Rb7 41. Rc4 Ra7 42. Bg4 Rb7 43. Bf3 Ra7 44. g4 Rb7 45. g5 hxg5+ 46. Kxg5 Ra7 47. h5 Ra5+ 48. Kf4 Ra7 49. Rc8 f6 50. Rh8 Nf8 51. d5 Ra1 52. Bg4 Rh1 53. Ke3 Rh4 54. Bf5 Rh1 55. Kd4 Rd1+ 56. Ke3 Rh1 57. Kf2 Rh2+ 58. Kg1 Rh4 59. Kg2 g6 60. Bxg6 Nxg6 61. Rh7+ Kf8 62. hxg6 Rxh7 63. gxh7 Kg7 64. Kf3 Kxh7 65. Kf4 Kg7 66. Kg3 Kf7 1/2-1/2

[Event "CRO-chT U20 21st"]
[Site "Topusko"]
[Date "2012.04.03"]
[Round "5.41"]
[White "Baturina, Andrija"]
[Black "Jerkovic, Maroje"]
[Result "1-0"]
[WhiteElo "2132"]
[BlackElo "1864"]
[PlyCount "49"]
[EventDate "2012.04.01"]
[EventType "team-tourn"]
[EventRounds "11"]
[EventCountry "CRO"]
[SourceTitle "EXT 2013"]
[Source "ChessBase"]
[SourceDate "2012.11.22"]
[SourceVersion "1"]
[SourceVersionDate "2012.11.22"]
[SourceQuality "1"]

1. Nf3 g6 2. g3 Bg7 3. c4 f5 4. Bg2 Nh6 5. d4 Nf7 6. 0-0 e6 7. Nc3 0-0 8. Qb3 Na6 9. e4 c5 10. Be3 cxd4 11. Nxd4 Nc5 12. Qc2 fxe4 13. Ndb5 Nd3 14. Bxe4 Nde5 15. c5 d5 16. cxd6 a6 17. Nc7 Nxd6 18. Nxa8 Nxe4 19. Nxe4 Nf3+ 20. Kg2 b5 21. Rad1 Qe8 22. Nd6 Qe7 23. Nxc8 Qb7 24. Ne7+ Qxe7 25. Qe4 1-0

[Event "Zlatni Rat op 2nd"]
[Site "Bol"]
[Date "2011.09.17"]
[Round "9"]
[White "Baturina, Andrija"]
[Black "Sadilek, Peter"]
[Result "1-0"]
[WhiteElo "2111"]
[BlackElo "2235"]
[PlyCount "91"]
[EventDate "2011.09.10"]
[EventType "swiss"]
[EventRounds "9"]
[EventCountry "CRO"]
[SourceTitle "CBM 144 Extra"]
[Source "ChessBase"]
[SourceDate "2011.10.28"]
[SourceVersion "1"]
[SourceVersionDate "2011.10.28"]
[SourceQuality "1"]

1. e4 e6 2. Qe2 c5 3. d3 Nc6 4. c3 g6 5. g3 Bg7 6. Nf3 Nge7 7. Bg2 0-0 8. 0-0 d6 9. Be3 b5 10. e5 dxe5 11. Bxc5 Rb8 12. Nbd2 Rb7 13. a4 bxa4 14. Nc4 f6 15. Nd6 Rb3 16. Nxc8 Qxc8 17. Rxa4 Qd7 18. Rfa1 Rfb8 19. R1a2 f5 20. Qc2 Nc8 21. Nd2 R3b5 22. b4 Bf8 23. Ra6 Nb6 24. Bxc6 Qxc6 25. c4 Rxb4 26. Bxb4 Bxb4 27. c5 Qxc5 28. Qxc5 Bxc5 29. Rxa7 Rd8 30. Nf3 e4 31. dxe4 fxe4 32. Ng5 e3 33. Kg2 exf2 34. Ne4 Rf8 35. Nxf2 Nd5 36. Ra8 Bxf2 37. Rxf8+ Kxf8 38. Kxf2 h5 39. Ra7 Ne7 40. Kf3 Kf7 41. Ke4 Kf6 42. Ra8 Nf5 43. Rf8+ Kg5 44. Kf3 Nd4+ 45. Kf2 Kg4 46. Rf4+ 1-0

[Event "CRO-ch U19"]
[Site "Topusko"]
[Date "2011.07.30"]
[Round "9"]
[White "Vujec, Ivan"]
[Black "Baturina, Andrija"]
[Result "1/2-1/2"]
[WhiteElo "2063"]
[BlackElo "2128"]
[PlyCount "128"]
[EventDate "2011.07.24"]
[EventType "swiss"]
[EventRounds "9"]
[EventCountry "CRO"]
[SourceTitle "EXT 2012"]
[Source "ChessBase"]
[SourceDate "2011.11.24"]
[SourceVersion "1"]
[SourceVersionDate "2011.11.24"]
[SourceQuality "1"]

1. d4 Nf6 2. Nf3 e6 3. g3 b6 4. Bg2 Bb7 5. 0-0 Be7 6. c4 0-0 7. Nc3 d6 8. Qc2 c5 9. e4 cxd4 10. Nxd4 Qc7 11. b3 a6 12. Ba3 Nc6 13. Rad1 Rfd8 14. Qe2 b5 15. Ndxb5 axb5 16. Nxb5 Qb8 17. Rd2 e5 18. Rfd1 Nd4 19. Nxd4 Rxa3 20. Nf5 Bf8 21. c5 d5 22. exd5 Bxc5 23. Qb5 Bf8 24. Qe2 Ba6 25. Qe3 Bc8 26. Qg5 Bxf5 27. Qxf5 Bc5 28. Rc1 Bd4 29. Rdc2 Qd6 30. Kh1 g6 31. Qf3 e4 32. Qd1 Qe5 33. Qe2 Rxd5 34. Rc8+ Kg7 35. h3 Rda5 36. R1c2 h5 37. R8c7 Nd5 38. R7c4 Nc3 39. Qd2 Rxa2 40. Rxa2 Rxa2 41. Qxd4 Qxd4 42. Rxd4 Rxf2 43. Bxe4 Ne2 44. Rd3 h4 45. gxh4 Rf4 46. Bf3 Nd4 47. Bd5 Rxh4 48. Kg2 Ne2 49. Rd2 Nf4+ 50. Kg3 g5 51. Bg2 Rh8 52. Kg4 Kf6 53. Bf1 Rh4+ 54. Kg3 Ke5 55. Rc2 Nh5+ 56. Kg2 Nf4+ 57. Kg3 f5 58. Rc5+ Kf6 59. Rc6+ Kg7 60. Rc7+ Kh6 61. Rc6+ Kg7 62. Rc7+ Kf8 63. Rc5 Nh5+ 64. Kg2 Ng7 1/2-1/2

[Event "CRO-ch U19"]
[Site "Topusko"]
[Date "2011.07.25"]
[Round "3"]
[White "Rogosic, Luka"]
[Black "Baturina, Andrija"]
[Result "0-1"]
[WhiteElo "1683"]
[BlackElo "2128"]
[PlyCount "100"]
[EventDate "2011.07.24"]
[EventType "swiss"]
[EventRounds "9"]
[EventCountry "CRO"]
[SourceTitle "EXT 2012"]
[Source "ChessBase"]
[SourceDate "2011.11.24"]
[SourceVersion "1"]
[SourceVersionDate "2011.11.24"]
[SourceQuality "1"]

1. e4 c5 2. c3 Nf6 3. e5 Nd5 4. d4 cxd4 5. cxd4 e6 6. Nc3 d6 7. Nxd5 exd5 8. Nf3 Nc6 9. Bf4 dxe5 10. Nxe5 Nxe5 11. Bxe5 Qa5+ 12. Ke2 f6 13. Bg3 Be7 14. Qd2 Qb6 15. Rc1 0-0 16. a3 Re8 17. Kd1 Bf5 18. Bd3 Bxd3 19. Qxd3 Qxb2 20. Rb1 Qa2 21. Rxb7 Bxa3 22. Qc2 Qa1+ 23. Rb1 Qxd4+ 24. Qd2 Qe4 25. Rb3 Qa4 26. Qxd5+ Kh8 27. Qb5 Rad8+ 28. Kc2 Qe4+ 29. Rd3 Qe2+ 30. Kc3 Rxd3+ 31. Qxd3 Rc8+ 32. Kd4 Qe7 33. Qb5 a6 34. Qa4 Qc5+ 35. Ke4 f5+ 36. Kf4 g5+ 37. Kxg5 Rg8+ 38. Kh4 Rg4+ 39. Qxg4 fxg4 40. Kxg4 Kg7 41. h4 Qc8+ 42. Kf3 Qf5+ 43. Ke2 Qe4+ 44. Kd2 Bb4+ 45. Kc1 Qd3 46. Be5+ Kf7 47. Rh3 Ba3+ 48. Bb2 Qf1+ 49. Kc2 Qxf2+ 50. Kb1 Qxb2# 0-1

[Event "CRO-chT U20 20th"]
[Site "Sv Filip i Jakov"]
[Date "2011.04.30"]
[Round "10"]
[White "Baturina, Andrija"]
[Black "Buhin, Denis"]
[Result "1/2-1/2"]
[WhiteElo "2153"]
[BlackElo "1938"]
[PlyCount "40"]
[EventDate "2011.04.26"]
[EventType "team-tourn"]
[EventRounds "11"]
[EventCountry "CRO"]
[SourceTitle "EXT 2012"]
[Source "ChessBase"]
[SourceDate "2011.11.24"]
[SourceVersion "1"]
[SourceVersionDate "2011.11.24"]
[SourceQuality "1"]

1. Nf3 d5 2. g3 c6 3. Bg2 Bg4 4. Ne5 Bh5 5. d4 Nd7 6. Nxd7 Qxd7 7. b3 e6 8. Bb2 Bd6 9. 0-0 Nf6 10. Nd2 0-0 11. Qe1 Bg6 12. e4 dxe4 13. Nxe4 Nxe4 14. Bxe4 Bxe4 15. Qxe4 Be7 16. Rad1 Qd5 17. Qe2 Rad8 18. Rd3 Qa5 19. a4 Bf6 20. Rfd1 Rfe8 1/2-1/2

[Event "CRO-ch U19"]
[Site "Bjelolasica"]
[Date "2010.07.30"]
[Round "8"]
[White "Baturina, Andrija"]
[Black "Buhin, Denis"]
[Result "1-0"]
[WhiteElo "2149"]
[BlackElo "1960"]
[PlyCount "69"]
[EventDate "2010.07.25"]
[EventType "swiss"]
[EventRounds "9"]
[EventCountry "CRO"]
[SourceTitle "CBM 137 Extra"]
[Source "ChessBase"]
[SourceDate "2010.09.01"]
[SourceVersion "1"]
[SourceVersionDate "2010.09.01"]
[SourceQuality "1"]

1. Nf3 c5 2. e4 g6 3. d3 Nc6 4. c3 Bg7 5. g3 e6 6. Bg2 Nge7 7. 0-0 d5 8. Qe2 0-0 9. e5 Qc7 10. Bf4 b5 11. Nbd2 Rb8 12. h4 h6 13. Rfe1 a5 14. Nf1 c4 15. N1h2 Ba6 16. d4 b4 17. Qd2 h5 18. g4 a4 19. gxh5 gxh5 20. Ng5 Ng6 21. Bg3 a3 22. bxa3 bxc3 23. Qxc3 Qb6 24. Qf3 Bh6 25. Qxh5 Kg7 26. Ng4 Rh8 27. Nxh6 Rxh6 28. Qf3 Qa7 29. Qf6+ Kg8 30. Nxe6 fxe6 31. Qxe6+ Kh7 32. Qxc6 Nxh4 33. Qxd5 Nxg2 34. Qe4+ Kh8 35. Kxg2 1-0

[Event "Bosnjaci op 15th"]
[Site "Bosnjaci"]
[Date "2010.01.06"]
[Round "6"]
[White "Baturina, Andrija"]
[Black "Soldo, Robert"]
[Result "0-1"]
[WhiteElo "2101"]
[BlackElo "2207"]
[PlyCount "90"]
[EventDate "2010.01.03"]
[EventType "swiss"]
[EventRounds "9"]
[EventCountry "CRO"]
[SourceTitle "CBM 134 Extra"]
[Source "ChessBase"]
[SourceDate "2010.03.03"]
[SourceVersion "1"]
[SourceVersionDate "2010.03.03"]
[SourceQuality "1"]

1. Nf3 Nf6 2. g3 b5 3. Bg2 Bb7 4. b3 e6 5. Bb2 Be7 6. 0-0 0-0 7. c4 bxc4 8. bxc4 c5 9. d3 d6 10. Nc3 Nbd7 11. e4 a6 12. h3 Bc6 13. Nh2 Rb8 14. Qc2 Qa5 15. f4 Qc7 16. g4 Rb6 17. Bc1 Rfb8 18. Bf3 Ne8 19. g5 Qb7 20. Qg2 Nf8 21. Kh1 Nc7 22. Ng4 Ng6 23. Qg3 Kh8 24. Ne3 f5 25. h4 fxe4 26. dxe4 e5 27. f5 Nf4 28. Ng4 Nh5 29. Qg2 Nf4 30. Bxf4 exf4 31. Qd2 Rb4 32. Qd3 Qc8 33. Ne2 Qg8 34. Rfc1 Qe8 35. Nxf4 Bf8 36. Re1 Qf7 37. Rac1 Rb2 38. Ne3 Qe7 39. Ng4 Rxa2 40. f6 Qd7 41. e5 Qxg4 42. Bxc6 Qxf4 43. Qh3 Rbb2 44. fxg7+ Bxg7 45. Rf1 Rh2+ 0-1

[Event "Bosnjaci op 15th"]
[Site "Bosnjaci"]
[Date "2010.01.05"]
[Round "4"]
[White "Baturina, Andrija"]
[Black "Videnova, Iva"]
[Result "1-0"]
[WhiteElo "2101"]
[BlackElo "2301"]
[PlyCount "117"]
[EventDate "2010.01.03"]
[EventType "swiss"]
[EventRounds "9"]
[EventCountry "CRO"]
[SourceTitle "CBM 134 Extra"]
[Source "ChessBase"]
[SourceDate "2010.03.03"]
[SourceVersion "1"]
[SourceVersionDate "2010.03.03"]
[SourceQuality "1"]

1. Nf3 c5 2. g3 g6 3. Bg2 Bg7 4. 0-0 Nc6 5. d3 d6 6. e4 e6 7. c3 Nge7 8. Nh4 0-0 9. f4 f5 10. Nd2 h6 11. Nhf3 b5 12. a4 b4 13. Qc2 bxc3 14. bxc3 Qa5 15. e5 Nd5 16. Nc4 Qxc3 17. Qxc3 Nxc3 18. Nxd6 Ba6 19. Bd2 Nd5 20. Rfc1 Rad8 21. Ra3 Rxd6 22. exd6 Bb2 23. Rxc5 Nd4 24. Ra5 Nxf3+ 25. Bxf3 Bxa3 26. Rxa6 Rd8 27. Kg2 Bc5 28. d7 Kf7 29. Bxd5 exd5 30. Ra5 Bb6 31. Rxd5 Ke6 32. Re5+ Kxd7 33. Kf3 Bc7 34. Re1 a6 35. Bc3 Kc6 36. d4 Bb6 37. Rc1 Kd5 38. a5 Ba7 39. Re1 Kc4 40. Rc1 Kd3 41. Ba1 Rd6 42. Rd1+ Kc4 43. Rc1+ Kb5 44. Rd1 Rd5 45. Re1 Kxa5 46. Re5 Rxe5 47. fxe5 Kb5 48. e6 Kc6 49. d5+ Kd6 50. Bg7 h5 51. Bf8+ Kc7 52. d6+ Kc6 53. d7 Bb6 54. Be7 Kd5 55. d8Q+ Bxd8 56. Bxd8 Kxe6 57. Kf4 Kd5 58. Kg5 Ke4 59. Kxg6 1-0

[Event "Bosnjaci op 15th"]
[Site "Bosnjaci"]
[Date "2010.01.04"]
[Round "2"]
[White "Baturina, Andrija"]
[Black "Dabo Peranic, Robert"]
[Result "1/2-1/2"]
[WhiteElo "2101"]
[BlackElo "2315"]
[PlyCount "53"]
[EventDate "2010.01.03"]
[EventType "swiss"]
[EventRounds "9"]
[EventCountry "CRO"]
[SourceTitle "CBM 134 Extra"]
[Source "ChessBase"]
[SourceDate "2010.03.03"]
[SourceVersion "1"]
[SourceVersionDate "2010.03.03"]
[SourceQuality "1"]

1. Nf3 d5 2. g3 g6 3. Bg2 Bg7 4. c4 d4 5. d3 e5 6. 0-0 Ne7 7. Nbd2 0-0 8. b4 a5 9. b5 c5 10. bxc6 Nexc6 11. Ba3 Nb4 12. Qb3 Qe7 13. Ne1 Bh6 14. Ndf3 N8c6 15. Nc2 Ra6 16. Bxb4 Nxb4 17. Nxb4 Qxb4 18. Qxb4 axb4 19. Rfb1 Ra4 20. a3 bxa3 21. Rb3 e4 22. dxe4 Rxc4 23. Rbxa3 Be6 24. Rb3 Rfc8 25. Rd1 Rc1 26. Rb1 b5 27. Rdxc1 1/2-1/2

[Event "CRO-ch U17"]
[Site "Bjelolasica"]
[Date "2009.07.26"]
[Round "1"]
[White "Dubrovic, Mihovil"]
[Black "Baturina, Andrija"]
[Result "1-0"]
[WhiteElo "1753"]
[BlackElo "2096"]
[PlyCount "55"]
[EventDate "2009.07.26"]
[EventType "swiss"]
[EventRounds "9"]
[EventCountry "CRO"]
[SourceTitle "CBM 131 Extra"]
[Source "ChessBase"]
[SourceDate "2009.09.03"]
[SourceVersion "2"]
[SourceVersionDate "2009.09.16"]
[SourceQuality "1"]

1. e4 c5 2. Nf3 e6 3. Qe2 d6 4. g3 Nc6 5. Bg2 Qc7 6. c3 Nf6 7. 0-0 Be7 8. d4 cxd4 9. cxd4 0-0 10. Nc3 a6 11. e5 dxe5 12. dxe5 Nd5 13. Nxd5 exd5 14. Rd1 Rd8 15. Bf4 Be6 16. Rac1 Qb6 17. Bg5 d4 18. Bxe7 Nxe7 19. b3 Bf5 20. Ne1 Rac8 21. Rxc8 Rxc8 22. Be4 Bxe4 23. Qxe4 Rd8 24. Nf3 Nc6 25. e6 Qc7 26. Ng5 g6 27. exf7+ Kh8 28. Qe8+ 1-0

[Event "CRO-chT U20 18th"]
[Site "Sv Filip i Jakov"]
[Date "2009.04.18"]
[Round "9"]
[White "Novosel, Tomislav"]
[Black "Baturina, Andrija"]
[Result "1/2-1/2"]
[WhiteElo "2189"]
[BlackElo "2049"]
[PlyCount "29"]
[EventDate "2009.04.14"]
[EventType "team-tourn"]
[EventRounds "11"]
[EventCountry "CRO"]
[SourceTitle "CBM 129 Extra"]
[Source "ChessBase"]
[SourceDate "2009.05.05"]
[SourceVersion "2"]
[SourceVersionDate "2009.05.20"]
[SourceQuality "1"]

1. d4 Nf6 2. Nf3 e6 3. e3 b6 4. Bd3 Bb7 5. Nbd2 d5 6. 0-0 Be7 7. b3 0-0 8. Bb2 Nbd7 9. Rc1 c5 10. Re1 Ne4 11. c4 Rc8 12. Rc2 Ndf6 13. a3 Nxd2 14. Rxd2 Qc7 15. Qb1 1/2-1/2

[Event "CRO-chT U20 18th"]
[Site "Sv Filip i Jakov"]
[Date "2009.04.14"]
[Round "2"]
[White "Dubrovic, Mihovil"]
[Black "Baturina, Andrija"]
[Result "1-0"]
[WhiteElo "1687"]
[BlackElo "2049"]
[PlyCount "99"]
[EventDate "2009.04.14"]
[EventType "team-tourn"]
[EventRounds "11"]
[EventCountry "CRO"]
[SourceTitle "CBM 129 Extra"]
[Source "ChessBase"]
[SourceDate "2009.05.05"]
[SourceVersion "2"]
[SourceVersionDate "2009.05.20"]
[SourceQuality "1"]

1. e4 c5 2. Nf3 e6 3. d3 d6 4. g3 Nc6 5. c3 Nf6 6. Bg2 Be7 7. 0-0 0-0 8. Re1 Qc7 9. d4 cxd4 10. cxd4 e5 11. d5 Nb4 12. Na3 b6 13. Bg5 a5 14. Bxf6 Bxf6 15. Qb3 Na6 16. Rac1 Nc5 17. Qc3 Qd7 18. Nc4 Na4 19. Qe3 Rb8 20. b3 Nc5 21. a3 Qb5 22. Nfd2 Rd8 23. Bf1 Qe8 24. b4 axb4 25. axb4 Na4 26. Ra1 b5 27. Na5 Bd7 28. Rec1 Rdc8 29. Ndb3 Bd8 30. Rxc8 Rxc8 31. Rc1 Bb6 32. Qd2 h6 33. Nb7 Rxc1 34. Qxc1 Qb8 35. N7a5 Qa7 36. Qc2 Bxa5 37. Nxa5 Nb6 38. Nc6 Qa4 39. Qc3 Qd1 40. Qd3 Qe1 41. Qxb5 Bh3 42. Qe2 Qb1 43. b5 Bxf1 44. Qxf1 Qxe4 45. Qd1 Kh7 46. Ne7 Qc4 47. Qf3 Qxb5 48. Qxf7 Qb1+ 49. Kg2 Qe4+ 50. Kh3 1-0

[Event "Split op 3rd"]
[Site "Split"]
[Date "2009.03.05"]
[Round "6"]
[White "Ivic, Mateo"]
[Black "Baturina, Andrija"]
[Result "1-0"]
[WhiteElo "2250"]
[BlackElo "2049"]
[PlyCount "51"]
[EventDate "2009.02.28"]
[EventType "swiss"]
[EventRounds "9"]
[EventCountry "CRO"]
[SourceTitle "CBM 129 Extra"]
[Source "ChessBase"]
[SourceDate "2009.05.05"]
[SourceVersion "2"]
[SourceVersionDate "2009.05.20"]
[SourceQuality "1"]

1. e4 c5 2. Nf3 e6 3. d4 cxd4 4. Nxd4 a6 5. Bd3 Qc7 6. 0-0 Nc6 7. Be3 Nf6 8. Nd2 d5 9. Re1 Bd6 10. exd5 Nxd5 11. Nxc6 bxc6 12. Qg4 0-0 13. Qh4 f5 14. Nc4 e5 15. Rad1 Nxe3 16. Rxe3 Be7 17. Qh5 e4 18. Nb6 g6 19. Nxa8 Qf4 20. Bc4+ Kh8 21. Qe2 Bc5 22. Rb3 a5 23. a4 Qe5 24. Nb6 f4 25. Nxc8 Rxc8 26. Rd7 1-0

[Event "Split op 3rd"]
[Site "Split"]
[Date "2009.03.02"]
[Round "3"]
[White "Baturina, Andrija"]
[Black "Sale, Srdjan"]
[Result "1/2-1/2"]
[WhiteElo "2049"]
[BlackElo "2385"]
[PlyCount "44"]
[EventDate "2009.02.28"]
[EventType "swiss"]
[EventRounds "9"]
[EventCountry "CRO"]
[SourceTitle "CBM 129 Extra"]
[Source "ChessBase"]
[SourceDate "2009.05.05"]
[SourceVersion "2"]
[SourceVersionDate "2009.05.20"]
[SourceQuality "1"]

1. Nf3 c5 2. c4 Nc6 3. d4 cxd4 4. Nxd4 e6 5. Nc3 Nf6 6. g3 Qb6 7. Nxc6 Qxc6 8. f3 Bc5 9. e4 0-0 10. e5 Ng4 11. Qe2 Bf2+ 12. Kd1 Bd4 13. Bg2 Nf2+ 14. Kc2 Nxh1 15. f4 Qb6 16. Bxh1 f6 17. exf6 Rxf6 18. Nd5 Qa6 19. Nxf6+ Bxf6 20. Be4 d5 21. Bxh7+ Kxh7 22. Qh5+ Kg8 1/2-1/2